000 00866nam a2200253 a 4500
001 000020453
005 20260415174539.0
008 090716s2016 dr r 001 0 spa d
020 _a9789945588880
040 _aDO-SdBNP
_bspa
_cBNPHU
082 _aRD868.44
_bI19p 2016
245 0 0 _aIdeario de Pedro Henríquez Ureña /
_ccompilador, prefacio y notas Miguel Collado.
260 _aSanto Domingo :
_bFerilibro,
_c2016.
300 _a85 p. ;
_c22 cm.
500 _aIncluye índice temático
504 _aBibliografía : p. 71-78
590 _aInventariado, 2018/BT
600 1 0 _aHenríquez Ureña, Pedro,
_d1884-1946
_91718
650 0 _a
_912155
650 0 _aLiteratura dominicana.
_967
700 1 _aCollado, Miguel A.,
_d1954-
_ecomp.
_924696
710 2 _aDirección General de la Feria del Libro
_911186
910 _aValidado. control de calidad. MFF
999 _c19957
_d19957